Media Vidhi =Media Law (in Hindi)/ (Record no. 1715638)
[ view plain ]
| 000 -LEADER | |
|---|---|
| fixed length control field | 00840nam a22002777a 4500 |
| 005 - DATE AND TIME OF LATEST TRANSACTION | |
| control field | 20260317171225.0 |
| 008 - FIXED-LENGTH DATA ELEMENTS--GENERAL INFORMATION | |
| fixed length control field | 260317b |||||||| |||| 00| 0 eng d |
| 020 ## - INTERNATIONAL STANDARD BOOK NUMBER | |
| International Standard Book Number | 9789386456915 |
| 037 ## - SOURCE OF ACQUISITION | |
| Terms of availability | TB |
| 040 ## - CATALOGING SOURCE | |
| Original cataloging agency | LCT |
| Transcribing agency | LCT |
| 041 ## - LANGUAGE CODE | |
| Source of code | hin |
| Language code of text/sound track or separate title | hin |
| Language code of original | hin |
| 084 ## - COLON CLASSIFICATION NUMBER | |
| Classification number | Z(V:57) Q8 |
| 100 ## - MAIN ENTRY--PERSONAL NAME | |
| Personal name | Nanda, Sukanta K. |
| 9 (RLIN) | 811329 |
| 245 ## - TITLE STATEMENT | |
| Title | Media Vidhi =Media Law (in Hindi)/ |
| 260 ## - PUBLICATION, DISTRIBUTION, ETC. | |
| Place of publication, distribution, etc. | Prayagraj (Allahabad), India: |
| Name of publisher, distributor, etc. | Central Law Agency, |
| Date of publication, distribution, etc. | 2018 |
| 300 ## - PHYSICAL DESCRIPTION | |
| Extent | xxiv, 364p. |
| 365 ## - TRADE PRICE | |
| Price amount | 300 |
| Currency code | INR |
| 650 ## - SUBJECT ADDED ENTRY--TOPICAL TERM | |
| Topical term or geographic name entry element | Media Law |
| 9 (RLIN) | 705309 |
| 650 ## - SUBJECT ADDED ENTRY--TOPICAL TERM | |
| Topical term or geographic name entry element | Rights Of Publicity |
| 9 (RLIN) | 747574 |
| 650 ## - SUBJECT ADDED ENTRY--TOPICAL TERM | |
| Topical term or geographic name entry element | Broadcasting |
| 9 (RLIN) | 747575 |
| 650 ## - SUBJECT ADDED ENTRY--TOPICAL TERM | |
| Topical term or geographic name entry element | Hate Speech |
| 9 (RLIN) | 747576 |
| 650 ## - SUBJECT ADDED ENTRY--TOPICAL TERM | |
| Topical term or geographic name entry element | Internet Revolution |
| 9 (RLIN) | 747577 |
| 650 ## - SUBJECT ADDED ENTRY--TOPICAL TERM | |
| Topical term or geographic name entry element | Right To Privacy |
| 9 (RLIN) | 747578 |
| 650 ## - SUBJECT ADDED ENTRY--TOPICAL TERM | |
| Topical term or geographic name entry element | digital media |
| 9 (RLIN) | 583256 |
| 942 ## - ADDED ENTRY ELEMENTS (KOHA) | |
| Source of classification or shelving scheme | Colon Classification (CC) |
| Koha item type | Textbook |
| Classification part | Z(V:57) Q8 |
| Suppress in OPAC | No |
| Withdrawn status | Lost status | Source of classification or shelving scheme | Damaged status | Not for loan | Collection | Home library | Current library | Shelving location | Date acquired | Source of acquisition | Cost, normal purchase price | Inventory number | Total Checkouts | Full call number | Barcode | Date last seen | Price effective from | Koha item type |
|---|---|---|---|---|---|---|---|---|---|---|---|---|---|---|---|---|---|---|
| Colon Classification (CC) | Non-fiction | Law Centre-II Library | Law Centre-II Library | General Stacks | 2025-12-09 | Hindi Book Centre | 300.00 | HBC/HB4671/09.12.2025 | Z(V:57) Q8 | LT0029376 | 2026-03-17 | 2026-03-17 | Textbook | |||||
| Colon Classification (CC) | Non-fiction | Law Centre-II Library | Law Centre-II Library | General Stacks | 2025-12-09 | Hindi Book Centre | 300.00 | HBC/HB4671/09.12.2025 | Z(V:57) Q8 | LT0029377 | 2026-03-17 | 2026-03-17 | Textbook |
